Environmental education: (Record no. 15185)

MARC details
000 -LEADER
fixed length control field 00904cam a2200241 a 4500
001 - CONTROL NUMBER
control field ENG-90799
005 - DATE AND TIME OF LATEST TRANSACTION
control field 20080616095959.0
008 - FIXED-LENGTH DATA ELEMENTS--GENERAL INFORMATION
fixed length control field 080828t xxu||||| |||| 00| 0 eng d
010 ## - LIBRARY OF CONGRESS CONTROL NUMBER
LC control number ENG-90799
020 ## - INTERNATIONAL STANDARD BOOK NUMBER
International Standard Book Number 9788172733803
Terms of availability 525.00
035 ## - SYSTEM CONTROL NUMBER
System control number EN-74332
037 ## - SOURCE OF ACQUISITION
Source of stock number/acquisition DBAD / PUB
040 ## - CATALOGING SOURCE
Original cataloging agency DPL
Language of cataloging English
082 ## - DEWEY DECIMAL CLASSIFICATION NUMBER
Classification number 333.707
100 ## - MAIN ENTRY--PERSONAL NAME
Personal name Chitrabhanu, T.K.
245 ## - TITLE STATEMENT
Title Environmental education:
Statement of responsibility, etc by T.K. Chitrabhanu
Remainder of title strictly on the basis of prescribed syllabus with modern trends /
260 ## - PUBLICATION, DISTRIBUTION, ETC. (IMPRINT)
Place of publication, distribution, etc Delhi :
Name of publisher, distributor, etc Authorspress,
Date of publication, distribution, etc 2007
300 ## - PHYSICAL DESCRIPTION
Extent xii, 239 p.
Dimensions 24 cm (Hb)
500 ## - GENERAL NOTE
General note Includes bibliographical references and index.
650 ## - SUBJECT ADDED ENTRY--TOPICAL TERM
Topical term or geographic name as entry element Environmental education
942 ## - ADDED ENTRY ELEMENTS (KOHA)
Source of classification or shelving scheme Dewey Decimal Classification
Koha item type English Books
Call number suffix CHI
Classification part 333.707
Holdings
Withdrawn status Lost status Damaged status Not for loan Collection code Home library Current library Date acquired Cost, normal purchase price Total Checkouts Full call number Barcode Date last seen Copy number Cost, replacement price Price effective from Koha item type
      Not For Loan Non-fiction D.B.Act.Division D.B.Act.Division 28/08/2008 525.00   333.707 CHI EN-74332 15/09/2008 1 252.00 15/09/2008 English Books

© Delhi Public Library
Hit Counter
free hit counter